|
|
|
|
| LEADER |
00000cam a2200000 7i4500 |
| 001 |
0000000121 |
| 005 |
20000717.0 |
| 020 |
0 |
0 |
|a 1864481838
|
| 090 |
0 |
0 |
|a 306.209595
|b CRO 1996
|
| 100 |
1 |
0 |
|a CROUCH
|h Harold
|c 1940 -
|
| 245 |
1 |
0 |
|a Government and society in Malaysia
|c Harold Crouch
|
| 260 |
0 |
0 |
|a St. Leonards, NSW, Aust. :
|b Allen & Unwin ,
|c 1996
|
| 300 |
|
|
|a xiii, 266 p. ;
|c 23 cm.
|
| 500 |
0 |
0 |
|a Bibliography: [p. 249-260] and index
|
| 651 |
0 |
0 |
|a Malaysia
|x Politics and government
|
| 651 |
0 |
0 |
|a Malaysia
|x Social conditions
|
| 999 |
|
|
|a 0000001320
|b Monograph
|c Open Shelf
|e Default branch
|